000 01032nam a2200253Ia 4500
003 OSt
005 20221005112831.0
006 a|||||r|||| 00| 0
007 ta
008 221004b |||||||| |||| 00| 0 pan d
020 _a8182990351 (hbk)
_c450
024 _a104450
037 _b7830/V, 31/01/2011, Arsee Publishers
_cTextual
040 _aCRL
_cCRL
_bpan
041 _2pan
_apan
082 _aO153,1M81,KM:g, P4
100 _aਸਿੰਘ, ਮਨਜੀਤ, ਥਦ।
245 0 _aਪ੍ਰੋ. ਪੂਰਨ ਸਿੰਘ ਦਾ ਖੁਲੇਸ਼ ਮੈਦਾਨ
_b ਪੂਰਨ ਸਿੰਘ ਜੋਗੀ ਅਤੇ ਇਕ ਜੰਗਲੀ ਫੁੱਲ ਦੇ ਵਿੇ ਸੰਦਰਭ ਵਿਚ
260 _aਦਿੱਲੀ
_bਆਰਸੀ ਭਾਰਤ
_c2004
300 _a192ਪੰ
_ccm.
650 _aਪੰਜਾਬੀ ਸਾਹਿਤ
942 _hO153,1M81,KM:g, P4
_cTEXL
_2cc
999 _c1026134
_d1026134